[Event "Let's Play Chess!"]
[Site "http://www.queenalice.com/game.php?id=1489297"]
[Date "2017.8.9"]
[Round "-"]
[White "igorjava"]
[Black "adrcrr"]
[Result "1-0"]
[WhiteElo "1677"]
[BlackElo "1273"]

1. e4 e5 2. f4 exf4 3. Nf3 d5 4. e5 g5 5. h3 Bf5 6. d4 Bb4+ 7. c3 Ba5 8. a4 Be4
9. b4 Bb6 10. a5 g4 11. hxg4 h6 12. Bxf4 f6 13. Nbd2 c6 14. Qe2 Bg6 15. axb6
axb6 16. Rxa8 Ne7 17. exf6 1-0

[Event "AUTO-OPEN-3834"]
[Site "http://www.queenalice.com/game.php?id=1489646"]
[Date "2017.8.11"]
[Round "1"]
[White "adrcrr"]
[Black "elisangela"]
[Result "0-1"]
[WhiteElo "1332"]
[BlackElo "1820"]

1. e4 e6 2. Qf3 h6 3. g3 c6 4. Nh3 b5 5. d3 Bb7 6. Qh5 c5 7. f4 g6 8. Qe5 f6 9.
Qc3 Rh7 10. e5 fxe5 11. fxe5 Bxh1 12. Nf4 g5 13. Ng6 Na6 14. Nd2 Rg7 15. Nh8 d6
16. Ne4 Bxe4 17. dxe4 Be7 18. Bh3 b4 19. Qd2 dxe5 20. Bxe6 Qxd2+ 0-1

[Event "AUTO-OPEN-3834"]
[Site "http://www.queenalice.com/game.php?id=1489647"]
[Date "2017.8.11"]
[Round "1"]
[White "elisangela"]
[Black "adrcrr"]
[Result "1-0"]
[WhiteElo "1822"]
[BlackElo "1330"]

1. e3 e5 2. a3 d5 3. Qh5 g6 4. Qxe5+ Be6 5. Qxh8 f6 6. Qxh7 Bf5 7. Qxg8 Qe7 8.
Qxd5 c6 9. Qd4 b5 10. h3 c5 11. Bxb5+ Kf7 12. Qd5+ Be6 13. Qxa8 Qd6 14. Qxa7+
Nd7 15. b3 Qb6 16. Qxb6 Nxb6 17. a4 Bf5 18. d3 Bh6 19. g4 Bc8 20. Nc3 Bb7 21. e4
1-0

[Event "AUTO-OPEN-3834"]
[Site "http://www.queenalice.com/game.php?id=1489648"]
[Date "2017.8.11"]
[Round "1"]
[White "adrcrr"]
[Black "Fredo"]
[Result "0-1"]
[WhiteElo "1334"]
[BlackElo "1864"]

1. e4 c5 2. Qf3 d6 3. Bc4 e6 4. d3 Nc6 5. Nh3 Nf6 6. Bg5 Be7 7. O-O O-O 8. Nf4
Bd7 9. Nc3 Ne5 10. Qh3 Nxc4 11. dxc4 e5 12. Qg3 a6 13. Rfd1 Qc7 14. Bh6 Ne8 15.
Qxg7+ Nxg7 16. Rd3 f5 17. Ncd5 Qd8 18. Nb6 Qxb6 19. Nh3 fxe4 20. Re3 Qxb2 21.
Ree1 Bxh3 22. gxh3 Qxc2 23. Re3 Qxf2+ 24. Kh1 Rf3 25. Ree1 Rxh3 26. Rf1 Rxh2#
0-1

[Event "AUTO-OPEN-3834"]
[Site "http://www.queenalice.com/game.php?id=1489649"]
[Date "2017.8.11"]
[Round "1"]
[White "Fredo"]
[Black "adrcrr"]
[Result "1-0"]
[WhiteElo "1895"]
[BlackElo "1328"]

1. e4 e5 2. f4 exf4 3. Bc4 Bc5 4. d4 Be7 5. Bxf4 Nf6 6. Nc3 Bb4 7. e5 Qe7 8. Qe2
d5 9. Bd3 Bg4 10. Nf3 Bh5 11. exf6 Qxe2+ 12. Bxe2 O-O 13. fxg7 Kxg7 14. Kf2 Re8
15. Nxd5 Bd6 16. Bxd6 cxd6 17. Nc7 Nc6 18. Nxa8 Rxa8 19. c3 Na5 20. Bd3 Nb3 21.
axb3 a5 22. Rhe1 f6 23. Re7+ Kh8 24. Rxh7+ Kg8 25. Rxh5 Rc8 26. Raxa5 b6 27. Ra7
1-0

[Event "AUTO-OPEN-3834"]
[Site "http://www.queenalice.com/game.php?id=1489650"]
[Date "2017.8.11"]
[Round "1"]
[White "adrcrr"]
[Black "pomar"]
[Result "0-1"]
[WhiteElo "1383"]
[BlackElo "2096"]

1. e4 e6 2. d4 d5 3. exd5 exd5 4. Bb5+ c6 5. Ba4 Bd6 6. Qh5 Qa5+ 7. Nc3 Bb4 8.
Bb3 Bxc3+ 9. bxc3 Qxc3+ 10. Kd1 Qxd4+ 11. Bd2 Bg4+ 12. Ne2 Qxa1+ 13. Bc1 Bxh5
14. c3 Qxc3 15. f3 Qd3+ 16. Bd2 Nf6 17. g4 Qxf3 18. Rg1 Bxg4 19. Rxg4 Nxg4 20.
h3 Nf2+ 21. Kc2 Qxe2 22. h4 Na6 23. Kc3 Qd3+ 0-1

[Event "AUTO-OPEN-3834"]
[Site "http://www.queenalice.com/game.php?id=1489651"]
[Date "2017.8.11"]
[Round "1"]
[White "pomar"]
[Black "adrcrr"]
[Result "1-0"]
[WhiteElo "2145"]
[BlackElo "1450"]

1. f3 e5 2. Kf2 Qf6 3. e3 e4 4. c4 d5 5. cxd5 h5 6. Nc3 h4 7. Nxe4 Qg6 8. d4 f5
9. Nc3 Bd6 10. Nh3 f4 11. e4 Rh5 12. e5 Be7 13. Nxf4 Qg5 14. Nxh5 Qxh5 15. Bb5+
Nd7 16. e6 c6 17. exd7+ Bxd7 18. dxc6 bxc6 19. Bc4 Rb8 20. Bxg8 Qh8 21. Bb3 Qf8
22. Re1 Rb4 23. Bg5 Qf4 24. Bxf4 a5 25. Bd6 Rb7 26. Rxe7+ Kd8 27. Rxg7 Rb6 28.
Qe2 Rb4 29. Qe7+ Kc8 30. Qxd7# 1-0

[Event "AUTO-INT-3271"]
[Site "http://www.queenalice.com/game.php?id=1489818"]
[Date "2017.8.12"]
[Round "1"]
[White "zmanomega"]
[Black "adrcrr"]
[Result "1-0"]
[WhiteElo "1706"]
[BlackElo "1402"]

1. e4 e5 2. f4 exf4 3. Nf3 d5 4. Bd3 Bg4 5. e5 Nc6 6. Bb5 a6 7. Ba4 Qe7 8. O-O
b5 9. Bb3 Nb4 10. Qe1 Qc5+ 11. Kh1 Nh6 12. Nc3 Nf5 13. e6 Ke7 14. Ng5 Nh6 15.
exf7+ Kf6 16. Nh3 Kxf7 17. Nxf4 Bd6 18. Nfxd5+ Bf5 19. Nxc7+ Kg6 20. Nxa8 Rxa8
21. d3 Qc6 22. Bf4 Bxf4 23. Rxf4 Bh3 24. Qg3+ Bg4 25. Rxg4+ 1-0

[Event "AUTO-INT-3271"]
[Site "http://www.queenalice.com/game.php?id=1489819"]
[Date "2017.8.12"]
[Round "1"]
[White "adrcrr"]
[Black "zmanomega"]
[Result "0-1"]
[WhiteElo "1338"]
[BlackElo "1634"]

1. d4 d5 2. c3 Bf5 3. Qa4+ c6 4. Bg5 h6 5. Bh4 g5 6. Bg3 f6 7. f3 g4 8. fxg4
Bxg4 9. h3 Bf5 10. Nf3 Na6 11. Na3 h5 12. e3 Be4 13. Nh4 Bh6 14. Ng6 Rh7 15. Be2
Bxg2 16. Rh2 Be4 17. Bxh5 Kd7 18. Rf2 Bxg6 19. Bg4+ Ke8 20. Be6 Rg7 21. O-O-O
Bxe3+ 22. Rdd2 Bxd2+ 23. Kxd2 Be4 24. Bg4 Nh6 25. Bh5+ Kf8 26. Qb3 Rxg3 27. Rh2
Rd3+ 28. Kc2 Rxh3+ 29. Kc1 Rxh2 30. Bg4 Nxg4 31. c4 Qd6 32. cxd5 Qf4+ 33. Kd1
Qd2# 0-1

[Event "AUTO-INT-3271"]
[Site "http://www.queenalice.com/game.php?id=1489838"]
[Date "2017.8.12"]
[Round "1"]
[White "adrcrr"]
[Black "ricardoguevara"]
[Result "0-1"]
[WhiteElo "1491"]
[BlackElo "1361"]

1. e4 e5 2. Qf3 Nc6 3. Bc4 Nf6 4. d3 Nd4 5. Qf5 Nxf5 6. exf5 Bb4+ 7. c3 Bc5 8.
Nf3 Ng4 9. h4 Nxf2 10. Rh2 O-O 11. d4 Ng4 12. Bg5 Be7 13. Rh3 Bxg5 14. hxg5 exd4
15. cxd4 Qe8+ 16. Ne5 Nxe5 17. Be2 d5 18. dxe5 Qxe5 19. Na3 Qxb2 20. Rd1 Qb4+
21. Kf2 Qf4+ 22. Bf3 Bxf5 23. Rxd5 Bxh3 24. gxh3 Qh2+ 25. Bg2 Qf4+ 26. Bf3 Rae8
27. Nc4 Qxc4 28. a3 Re2+ 29. Kg3 Ra2 30. g6 hxg6 31. h4 Rxa3 32. h5 Rxf3+ 33.
Kxf3 Qxd5+ 34. Kg4 Qxh5+ 35. Kg3 Rd8 36. Kf2 Rd4 0-1

[Event "AUTO-INT-3271"]
[Site "http://www.queenalice.com/game.php?id=1489839"]
[Date "2017.8.12"]
[Round "1"]
[White "ricardoguevara"]
[Black "adrcrr"]
[Result "0-1"]
[WhiteElo "1361"]
[BlackElo "1466"]

1. e4 e5 2. Nf3 Qf6 3. Nc3 Bc5 4. d3 d5 5. Nxd5 Qd8 6. Bg5 Nf6 7. Be2 h6 8. Bxf6
gxf6 9. O-O Rg8 10. c3 Bh3 11. g3 c6 12. d4 Bxd4 13. cxd4 cxd5 14. dxe5 fxe5 15.
Nxe5 Nd7 16. Nxd7 Qxd7 17. exd5 Rd8 18. d6 Qc6 19. Bh5 Rg5 20. Re1+ Be6 21.
Bxf7+ Kxf7 22. h4 Rxd6 23. Qe2 Bg4 24. Qe7+ Kg6 25. hxg5 hxg5 26. Re4 Bf3 27.
Rb4 Bh1 28. Kf1 Qc5 29. Qe8+ Kg7 30. Ke2 Qc2+ 31. Ke3 Qd3# 0-1

[Event "AUTO-INT-3272"]
[Site "http://www.queenalice.com/game.php?id=1490209"]
[Date "2017.8.15"]
[Round "1"]
[White "od_xavier"]
[Black "adrcrr"]
[Result "1-0"]
[WhiteElo "1667"]
[BlackElo "1322"]

1. Nc3 g6 2. b3 e5 3. Bb2 Qf6 4. Nd5 Qf5 5. Nxc7+ Kd8 6. Nxa8 Bc5 7. e3 Be7 8.
f4 b6 9. Bd3 Qf6 10. Bxe5 Qh4+ 11. g3 Qh6 12. Bxh8 d6 13. Nf3 Bb7 14. Nxb6 Qh3
15. Nc4 Bf6 16. Bxf6+ Nxf6 17. Qe2 Ba6 18. Nxd6 Kd7 19. Bxa6 1-0

[Event "AUTO-INT-3272"]
[Site "http://www.queenalice.com/game.php?id=1490226"]
[Date "2017.8.15"]
[Round "1"]
[White "adrcrr"]
[Black "Mapelli"]
[Result "0-1"]
[WhiteElo "1358"]
[BlackElo "1467"]

1. e4 b6 2. Qh5 Bb7 3. f3 g6 4. Qh3 Bg7 5. Bc4 e6 6. f4 Bxe4 7. d3 Bb7 8. f5
gxf5 9. Qh5 Bxg2 10. Nh3 Bxh1 11. Ng5 Nh6 0-1

[Event "AUTO-INT-3272"]
[Site "http://www.queenalice.com/game.php?id=1490235"]
[Date "2017.8.15"]
[Round "1"]
[White "manucies"]
[Black "adrcrr"]
[Result "1-0"]
[WhiteElo "1502"]
[BlackElo "1320"]

1. e4 e5 2. Nf3 a5 3. Nc3 Bc5 4. d4 Bb6 5. Nxe5 d6 6. Nf3 Bg4 7. Be2 Nh6 8. h3
Be6 9. d5 Bd7 10. Bb5 c6 11. Ba4 Qf6 12. Bxh6 gxh6 13. e5 1-0

[Event "AUTO-INT-3272"]
[Site "http://www.queenalice.com/game.php?id=1490236"]
[Date "2017.8.15"]
[Round "1"]
[White "adrcrr"]
[Black "manucies"]
[Result "0-1"]
[WhiteElo "1311"]
[BlackElo "1511"]

1. e4 e5 2. Qh5 d6 3. Bc4 g6 4. Qf3 f5 5. Qb3 Qe7 6. Nh3 c6 7. d3 fxe4 8. dxe4
b5 9. Bd3 Bxh3 10. gxh3 a6 11. Rg1 c5 0-1

[Event "AUTO-OPEN-3836"]
[Site "http://www.queenalice.com/game.php?id=1490340"]
[Date "2017.8.15"]
[Round "1"]
[White "TomasBlack"]
[Black "adrcrr"]
[Result "1-0"]
[WhiteElo "2331"]
[BlackElo "1324"]

1. d4 e6 2. e4 Qh4 3. Bd3 b6 4. Nf3 Qg4 5. O-O Bd6 6. h3 Qh5 7. Nc3 Nh6 8. Nb5
Bb4 9. Nxc7+ Ke7 10. Nxa8 Bb7 11. Nc7 Kd8 12. Bf4 Nc6 13. Ng5 d6 14. Qxh5 Rf8
15. Nb5 Nxd4 16. Bxd6 Re8 17. Nxf7+ 1-0

[Event "AUTO-OPEN-3836"]
[Site "http://www.queenalice.com/game.php?id=1490341"]
[Date "2017.8.15"]
[Round "1"]
[White "adrcrr"]
[Black "TomasBlack"]
[Result "0-1"]
[WhiteElo "1326"]
[BlackElo "2330"]

1. e4 c5 2. Qh5 e6 3. Bc4 Nf6 4. Qe5 Nc6 5. Qf4 e5 6. Qg5 h6 7. Qf5 d6 8. Qf3
Nd4 9. Qc3 Nxe4 10. Qd3 d5 11. Bb3 Bf5 12. Nf3 c4 13. Bxc4 dxc4 14. Qxc4 Rc8 15.
Qa4+ b5 16. Qa6 Nxc2+ 17. Kd1 Nxf2+ 0-1

[Event "AUTO-OPEN-3836"]
[Site "http://www.queenalice.com/game.php?id=1490350"]
[Date "2017.8.15"]
[Round "1"]
[White "korchnoi"]
[Black "adrcrr"]
[Result "1-0"]
[WhiteElo "1545"]
[BlackElo "1376"]

1. e4 e5 2. Nf3 Qf6 3. c3 Bc5 4. d4 exd4 5. cxd4 Bxd4 6. Nxd4 Nh6 7. Nc3 d6 8.
Bd3 Qxd4 9. Bb5+ Nc6 10. Bxc6+ bxc6 11. Qxd4 c5 12. Qd5 Rb8 13. Bxh6 gxh6 14.
Qh5 Rxb2 15. O-O Rg8 16. h3 Rc2 17. Nd5 Rg5 18. Qxh6 1-0

[Event "AUTO-OPEN-3836"]
[Site "http://www.queenalice.com/game.php?id=1490351"]
[Date "2017.8.15"]
[Round "1"]
[White "adrcrr"]
[Black "korchnoi"]
[Result "0-1"]
[WhiteElo "1386"]
[BlackElo "1535"]

1. e4 e5 2. Qh5 Nf6 3. Qxe5+ Be7 4. d3 c6 5. Nf3 Na6 6. Ng5 O-O 7. Qf5 d5 8. Qf4
Be6 9. Be3 dxe4 10. dxe4 Nc5 11. f3 Bd7 12. Qh4 h6 13. b4 Ne6 14. Nh3 Nd5 15.
Qg3 Nxe3 16. Bd3 f5 17. exf5 Nxf5 0-1